000 00726cam a22002412 4500
001 0000003731
005 20151217151931.0
008 070514s xx 000 0 eng d
020 _a0863115683 :
_cGBP 25.00
040 _aKABU
_cKABU
050 0 _aQC157
_b.R43
100 1 _aReddy, K. Rama.
_@0000153834
245 1 0 _aOscillations and waves /
_cK. Rama Reddy, S. B. Badami, V. Badasubramanian.
260 _aLondon :
_bSangam Books,
_c1995.
300 _aiv, 316 p.
650 0 _aWaves.
_@0000153839
650 0 _aOscillations.
_@0000153840
700 1 _aBadami, S. B.
_@0000153841
700 1 _aBadasubramanian, V.
_@0000153842
908 _a070514
950 _@1
999 _c6480
_d6480